=LDR 00000nam 2200000 4500 =001 INLIS000000000000229 =005 20150302104739.0 =006 =007 =008 Ind =035 ##$$0010-061300000000229 =041 ##$$a Ind =082 ##$$a 92(Nasution) =090 ##$$a 92(Nasution) Nas a =100 ##$$a Nasution, A.H =245 ##$$a A.H.Nasution di masa orde baru, lewat kesaksian tokoh eksponen 66 Bakri TiankaN / A.H.Nasution; Editor, Tatang Sumarsono =260 ##$$aBandung$bMizan$c1997 =300 ##$$a 261 hlm. ; 21 cm =650 ##$$a Nasution, AH =700 ##$$a Sumarsono, Tatang =850 ##$$a NBPNMAT